000 00687nam a22002057i 4500
999 _c23555
_d23555
003 AR-CdUCM
008 260330b20222022 pe||||| |||| 00| 0 spa d
020 _a978-612-4465-40-6
040 _aMUNICIPALIDAD PROVINCIAL DEL CUSCO
_cBIBLIOTECA MUNICIPAL DEL CUSCO
041 _hspa
082 _aEP / 869.03
_bP19
100 _aPalomino González, Niel
_952397
245 _aCh'iticuentos /
260 _aArequipa-Perú:
_bALETHEYA E.I.R.L.
_c2022
300 _a27 páginas. :
_c14x10 cm.
505 _aAdulterio -- de carros y trampas -- De tal astilla tal palo -- El burro del alcalde -- Con dos Rusas
650 _aCuentos
_952398
942 _2ddc
_cLIBROS
945 _apbjr
_d30-03-2026